Bindorffer, Györgyi. "Wir Schwaben waren immer gute Ungarn". - Budapest : Inst.. - 2005 [Rezension]
| Titel: | Bindorffer, Györgyi. "Wir Schwaben waren immer gute Ungarn". - Budapest : Inst.. - 2005 [Rezension] |
|---|---|
| Verfasser: | |
| In: |
Jahrbuch für deutsche und osteuropäische Volkskunde, Band 47 (2005), Seite 244-245 alle Artikel anzeigen |
| Veröffentlicht: | 2005 |
| Format: | Aufsatz |
| Sprache: | Deutsch |
X
alg: 39477437 001A $01999:12-11-16 001B $01999:03-08-21 $t21:01:56.000 001D $01999:12-11-16 001U $0utf8 001X $00 002@ $0Aox 003@ $039477437X 007A $039477437X $aHEB 007T $0Herdc0013788m 010@ $ager 011@ $a2005 021A $aBindorffer, Györgyi. "Wir Schwaben waren immer gute Ungarn". - Budapest : Inst.. - 2005 [Rezension] 028A $aSchell $dCsilla 031A $d47 $h244-245 $j2005 039B $aIn $8--Abvc--. Jahrbuch für deutsche und osteuropäische Volkskunde. - Münster, Westf. ; New York, NY : Waxmann, 1995-2017. - ISSN 0949-3409 $x200500000470000756 $9048660175 039T $8--Aay--Bindorffer, Györgyi [Tnd]. "Wir Schwaben waren immer gute Ungarn". - Budapest : Inst., 2005. - 179 S.. - Ill.. - ISBN 963-463-760-4 $9134324897 045F $a900.9439 $eDDC23BSB 045F/01 $a900 045F/03 $g439 045T $aSKA $qDE-11 $2FID 045T $a7,20 045T $aGER $qDE-30 $2FID lok: 39477437 78 exp: 39477437 78 1 #EPN 201B/01 $018-11-16 $t12:41:28.000 201U/01 $0utf8 203@/01 $0791072983 208@/01 $a12-11-16 $be 209A/01 $a/ $f000 $x00 220C/01 $aTitelaufnehmer: cs 244Z/01 $2Trx $#Ungari $#Vengrija $#Ungārija $#Ungarn $#Hungary $#Węgry $#Maďarsko $#Maďarsko $#Uhorsko $#Uhersko;Uhry $8--Trx--Magyarország $x01 $9391197150 244Z/01 $2Trx $#arvustused $#recenzijos $#Reviews $#recenziók $#recenzje $#recenzie $#recenze $8--Trx--Rezensionen $x02 $9391357441 247C/01 $82080>Marburg/Lahn, Herder-Institut, Forschungsbibliothek, Bibliographieportal $9336309341
| LEADER | 00000caa a22000002c 4500 | ||
|---|---|---|---|
| 001 | 39477437X | ||
| 003 | DE-603 | ||
| 005 | 20210803210156.0 | ||
| 007 | tu | ||
| 008 | 161112s2005 xx |||| | u00||u|ger c | ||
| 035 | |a (DE-599)HEB39477437X | ||
| 040 | |a DE-603 |b ger |c DE-603 |d DE-603 | ||
| 041 | |a ger | ||
| 082 | 0 | 4 | |8 1\u |a 900.9439 |q DE-101 |2 23/BSB |
| 084 | |a SKA |q DE-11 |2 fid | ||
| 084 | |a 7,20 |2 ssgn | ||
| 084 | |a GER |q DE-30 |2 fid | ||
| 085 | |8 1\u |b 900 | ||
| 085 | |8 1\u |z 2 |s 439 | ||
| 100 | 1 | |a Schell, Csilla | |
| 245 | 0 | 0 | |a Bindorffer, Györgyi. "Wir Schwaben waren immer gute Ungarn". - Budapest : Inst.. - 2005 [Rezension] |
| 264 | 0 | |c 2005 | |
| 773 | 0 | 8 | |i In |t Jahrbuch für deutsche und osteuropäische Volkskunde |d Münster, Westf. ; New York, NY : Waxmann, 1995-2017 |h 21 cm |x 0949-3409 |g Band 47 (2005), Seite 244-245 |w (DE-603)048660175 |w (DE-600)1235585-9 |
| 787 | 0 | 8 | |i Rezension von |a Bindorffer, Györgyi |t "Wir Schwaben waren immer gute Ungarn" |d Budapest : Inst., 2005 |h 179 S., Ill. |z 9634637604 |w (DE-603)134324897 |
| 924 | 0 | |9 2080 |a (DE-603)791072983 |b DE-2080 |c HES |d d |g / | |


